| 000 | 00428nam a22001697a 4500 | ||
|---|---|---|---|
| 003 | MPLRDC | ||
| 005 | 20220104162605.0 | ||
| 008 | 210129b ||||| |||| 00| 0 eng d | ||
| 020 | _a967-917-275-9 | ||
| 082 | _a524.932 PRA v.2 | ||
| 100 | _aSHEELA PRABHAKARAN | ||
| 245 |
_aPMR TOPIK KERJA BAHASA INGGERIS TINGKATAN 2 _c |
||
| 260 |
_a _bPERSEKUTUAN PRESTON _c |
||
| 300 | _b平 | ||
| 650 | _a | ||
| 942 |
_cBK _o524.932 PRA v.2 |
||
| 999 |
_c56037 _d56027 |
||